[Event "Euskadi-chT (Vasca) Div Honor"]
[Site "Bergara"]
[Date "2011.02.26"]
[Round "8.3"]
[White "Zysko, Jan"]
[Black "Chamizo Vega, Ibon"]
[Result "1-0"]
[WhiteElo "2166"]
[BlackElo "2072"]
[PlyCount "79"]
[EventDate "2011.01.08"]
[EventType "team-tourn"]
[EventRounds "9"]
[EventCountry "ESP"]
[SourceTitle "EXT 2024"]
[Source "ChessBase"]
[SourceDate "2023.10.10"]
[SourceVersion "1"]
[SourceVersionDate "2023.10.10"]
[SourceQuality "1"]

1. e4 c5 2. Nf3 a6 3. c3 d5 4. exd5 Qxd5 5. d4 e6 6. Be3 cxd4 7. cxd4 Bb4+ 8. Nc3 Nf6 9. Bd3 0-0 10. 0-0 Bxc3 11. bxc3 Bd7 12. c4 Qa5 13. Bg5 Ba4 14. Qe2 Nbd7 15. Rab1 Bc6 16. Ne5 Nxe5 17. dxe5 Nd7 18. Bf4 f5 19. exf6 Rxf6 20. Bd2 Qxa2 21. Qe3 Ne5 22. Ra1 Ng4 23. Rxa2 Nxe3 24. Bxe3 Rd8 25. Bc2 Rd7 26. Ra5 h6 27. Rb1 Rc7 28. Rd1 Be8 29. Be4 Rff7 30. Rd8 Rfd7 31. Rxd7 Bxd7 32. Rc5 Bc6 33. f3 Kf7 34. Kf2 Ke7 35. Bf4 Rc8 36. Be5 Kf7 37. Ke3 g5 38. g4 Kf8 39. Bxc6 b6 40. Bb7 1-0